000 01308nam a2200349Ia 4500
001 dia_5631
003 CHAP
005 20240214121751.0
007 ta
008 220117s1997 mx ad 001 0 spa d
040 _cCHAP
_amxchpua
090 _aT.C.236
_bM45 SAI
_c1997
245 1 0 _aEstudio del sistema agroindustrial miel en la Península de Yucatán /
_ccoordinador Amilcar Renan Mejenes Quijano ; colaborador Santos Mendoza Carmona...[et al.]
260 _aMéxico :
_bEl autor,
_c1997
300 _a46 hojas :
_bilustraciones, tablas, gráficas
336 _2rdacontent
_atexto
_btxt
337 _2rdamedia
_asin medio
_bn
338 _2rdacarrier
_avolumen
_bnc
500 _aGrado : 6° año Grupo : B Directorio : hoja 45-46
502 _aViaje de Estudios
_b(SAI) --
_cUACh. Departamento de Ingeniería Agroindustrial,
_d1997
504 _aBibliografía : hoja 42-44
650 1 3 _aMiel de abeja
_9159098
_zMéxico
_zYucatán
650 1 3 _aHoney
_9158469
_zMexico
_zYucatán
700 1 _aMejenes Quijano, Amilcar Renán
_9147387
_ecoordinador
700 1 _aMendoza Carmona, Santos
_9159190
_ecolaborador
901 _aT.C.236 M45 SAI 1997
902 _aM
905 _a5332271997 mx mn 8223123322spa16
942 _2local
942 _cVE
999 _c176610
_d176610